[Event "Rio de Janeiro Autumn op"]
[Site "Rio de Janeiro"]
[Date "2016.03.26"]
[Round "3"]
[White "Kemper, Andreas"]
[Black "Leite, Tarcisio Dantas Fro"]
[Result "1-0"]
[WhiteElo "1898"]
[BlackElo "1662"]
[PlyCount "33"]
[EventDate "2016.03.25"]
[EventType "swiss"]
[EventRounds "6"]
[EventCountry "BRA"]
[SourceTitle "CBM 171 Extra"]
[Source "ChessBase"]
[SourceDate "2016.04.26"]
[SourceVersion "1"]
[SourceVersionDate "2016.04.26"]
[SourceQuality "1"]

1. e4 d6 2. d4 Nf6 3. Nc3 g6 4. f4 Bg4 5. Be2 Bxe2 6. Qxe2 Bg7 7. Qb5+ Qd7 8. Qxb7 0-0 9. Qxa8 c6 10. d5 c5 11. Nf3 Rc8 12. e5 Ng4 13. h3 Nh6 14. 0-0 Na6 15. e6 Qd8 16. Qxa7 Ra8 17. Qd7 1-0

[Event "Rio de Janeiro Autumn op"]
[Site "Rio de Janeiro"]
[Date "2016.03.25"]
[Round "1"]
[White "Kemper, Andreas"]
[Black "Almeida, Diniz Eduardo"]
[Result "1-0"]
[WhiteElo "1898"]
[BlackElo "1785"]
[PlyCount "37"]
[EventDate "2016.03.25"]
[EventType "swiss"]
[EventRounds "6"]
[EventCountry "BRA"]
[SourceTitle "CBM 171 Extra"]
[Source "ChessBase"]
[SourceDate "2016.04.26"]
[SourceVersion "1"]
[SourceVersionDate "2016.04.26"]
[SourceQuality "1"]

1. e4 c5 2. Nc3 Nc6 3. Bb5 Nd4 4. Bc4 e6 5. f4 Be7 6. Nf3 Nxf3+ 7. Qxf3 a6 8. a4 Rb8 9. 0-0 d6 10. Qg3 g6 11. b3 Nf6 12. e5 Nh5 13. Qf3 0-0 14. exd6 Qxd6 15. Bb2 Qxd2 16. Ne4 Qd8 17. Rad1 Bd7 18. Qc3 e5 19. Qxe5 1-0

[Event "Muensterland Verbandsliga 1314"]
[Site "Germany"]
[Date "2014.05.03"]
[Round "9.5"]
[White "Kemper, Andreas"]
[Black "Wolffgang, Georg"]
[Result "0-1"]
[WhiteElo "1850"]
[BlackElo "1792"]
[PlyCount "52"]
[EventDate "2013.09.07"]
[EventType "team-tourn"]
[EventRounds "9"]
[EventCountry "GER"]
[SourceTitle "EXT 2015"]
[Source "ChessBase"]
[SourceDate "2014.11.20"]
[SourceVersion "1"]
[SourceVersionDate "2014.11.20"]
[SourceQuality "1"]
[WhiteTeam "Ahaus Wessum"]
[BlackTeam "Telgte"]
[WhiteTeamCountry "GER"]
[BlackTeamCountry "GER"]

1. e4 c5 2. Nf3 g6 3. d4 cxd4 4. Qxd4 Nf6 5. Nc3 Nc6 6. Qd1 Bg7 7. Bc4 0-0 8. 0-0 d6 9. Nd2 Bd7 10. Nb3 Rc8 11. Be2 Ne5 12. f3 Nc4 13. Bxc4 Rxc4 14. Qe2 b5 15. a4 a6 16. axb5 axb5 17. Be3 Qc7 18. Ra7 Qc8 19. Rc1 b4 20. Na5 Rc7 21. Na2 Rxa7 22. Bxa7 Qc7 23. Qa6 Ra8 24. Bb6 Qb8 25. Qb7 Qxb7 26. Nxb7 Rxa2 0-1

[Event "Muensterland Verbandsklasse 1314"]
[Site "Germany"]
[Date "2013.10.12"]
[Round "2.1"]
[White "Kemper, Andreas"]
[Black "Quante, Lennart"]
[Result "0-1"]
[WhiteElo "1858"]
[BlackElo "1902"]
[PlyCount "60"]
[EventDate "2013.09.21"]
[EventType "team-tourn"]
[EventRounds "9"]
[EventCountry "GER"]
[SourceTitle "EXT 2015"]
[Source "ChessBase"]
[SourceDate "2014.11.20"]
[SourceVersion "1"]
[SourceVersionDate "2014.11.20"]
[SourceQuality "1"]
[WhiteTeam "Ahaus Wessum II"]
[BlackTeam "Muenster SK V"]
[WhiteTeamCountry "GER"]
[BlackTeamCountry "GER"]

1. f4 d5 2. d3 Nf6 3. Nf3 c5 4. g3 Nc6 5. Bg2 g6 6. 0-0 Bg7 7. h3 0-0 8. e3 Qc7 9. Na3 Rd8 10. Qe1 Rb8 11. g4 b5 12. e4 b4 13. Nb1 dxe4 14. dxe4 Ba6 15. Rf2 Nd7 16. e5 Nf8 17. Be3 f6 18. Bxc5 fxe5 19. f5 e4 20. Ng5 Nd4 21. fxg6 hxg6 22. Rxf8+ Rxf8 23. Qh4 Ne2+ 24. Kh1 Ng3+ 25. Kg1 Qxc5+ 26. Kh2 Nf1+ 27. Kh1 Rf6 28. Qh7+ Kf8 29. Nxe4 Qe5 30. Nxf6 Qh2# 0-1

[Event "Muensterland Verbandsklasse-B 1011"]
[Site "Germany"]
[Date "2010.10.09"]
[Round "2.4"]
[White "Kemper, Andreas"]
[Black "Kuhlenbaeumer, Alfred"]
[Result "0-1"]
[WhiteElo "1828"]
[BlackElo "1852"]
[PlyCount "56"]
[EventDate "2010.09.18"]
[EventType "team-tourn"]
[EventRounds "9"]
[EventCountry "GER"]
[SourceTitle "EXT 2012"]
[Source "ChessBase"]
[SourceDate "2011.11.24"]
[SourceVersion "1"]
[SourceVersionDate "2011.11.24"]
[SourceQuality "1"]
[WhiteTeam "Ahaus Wessum"]
[BlackTeam "Telgte"]
[WhiteTeamCountry "GER"]
[BlackTeamCountry "GER"]

1. e4 c6 2. d4 d5 3. f3 e6 4. c4 dxe4 5. Nc3 Bb4 6. Be3 Nf6 7. Qc2 Qa5 8. Rc1 exf3 9. Nxf3 Nbd7 10. Bd3 Qh5 11. 0-0 Bd6 12. h3 0-0 13. Ne2 h6 14. Nf4 Bxf4 15. Bxf4 Re8 16. Rce1 c5 17. Bd6 cxd4 18. Nxd4 a6 19. b4 b6 20. c5 Qd5 21. Nf3 Bb7 22. Bc4 Qh5 23. Ne5 Rac8 24. Be2 Qh4 25. Nxd7 Qd4+ 26. Kh1 Nxd7 27. Rf4 Qe3 28. Rxf7 Qxh3+ 0-1

[Event "Muensterland Verbandsliga 0910"]
[Site "Germany"]
[Date "2010.04.17"]
[Round "8.7"]
[White "Sparwel, Oliver"]
[Black "Kemper, Andreas"]
[Result "1-0"]
[WhiteElo "1939"]
[BlackElo "1803"]
[PlyCount "91"]
[EventDate "2009.09.26"]
[EventType "team-tourn"]
[EventRounds "9"]
[EventCountry "GER"]
[SourceTitle "EXT 2011"]
[Source "ChessBase"]
[SourceDate "2010.11.26"]
[SourceVersion "1"]
[SourceVersionDate "2010.11.26"]
[SourceQuality "1"]
[WhiteTeam "Suedlohn"]
[BlackTeam "Ahaus Wessum"]
[WhiteTeamCountry "GER"]
[BlackTeamCountry "GER"]

1. e4 c5 2. Nf3 e6 3. Be2 Nf6 4. d3 Nc6 5. 0-0 h6 6. h3 g5 7. Nh2 Bd6 8. f4 Nh7 9. Bh5 0-0 10. Ng4 Kg7 11. fxg5 hxg5 12. b3 f5 13. Bb2+ Nd4 14. c3 fxg4 15. cxd4 Rxf1+ 16. Qxf1 Qf6 17. e5 Qxf1+ 18. Kxf1 Be7 19. Bxg4 b6 20. Bf3 Rb8 21. Nd2 Ba6 22. Ke2 cxd4 23. Rc1 Rc8 24. Rxc8 Bxc8 25. Bxd4 Nf8 26. Be3 Ng6 27. d4 Nh4 28. Be4 Nf5 29. Bf2 d5 30. Bd3 Bd7 31. Nf3 Nh4 32. Nxh4 gxh4 33. Kf3 Kh6 34. Kg4 Bg5 35. Bxh4 Be3 36. Bf6 Be8 37. Kf3 Bxd4 38. g4 Bc3 39. g5+ Kh5 40. Be2 Be1 41. Kf4+ Kh4 42. g6+ Kxh3 43. Bg4+ Kg2 44. Bxe6 Bd2+ 45. Kf5 Bb5 46. Bxd5+ 1-0

[Event "Muensterland Verbandsliga 0910"]
[Site "Germany"]
[Date "2009.09.26"]
[Round "1.7"]
[White "Willermann, Norbert"]
[Black "Kemper, Andreas"]
[Result "1/2-1/2"]
[WhiteElo "1801"]
[BlackElo "1803"]
[PlyCount "46"]
[EventDate "2009.09.26"]
[EventType "team-tourn"]
[EventRounds "9"]
[EventCountry "GER"]
[SourceTitle "EXT 2011"]
[Source "ChessBase"]
[SourceDate "2010.11.26"]
[SourceVersion "1"]
[SourceVersionDate "2010.11.26"]
[SourceQuality "1"]
[WhiteTeam "Ostbevern Westbevern"]
[BlackTeam "Ahaus Wessum"]
[WhiteTeamCountry "GER"]
[BlackTeamCountry "GER"]

1. e4 c5 2. Nf3 e6 3. d4 cxd4 4. Nxd4 Bc5 5. Be3 Qb6 6. Nc3 Nc6 7. Na4 Qa5+ 8. c3 Bxd4 9. Bxd4 Nxd4 10. Qxd4 Nf6 11. e5 Nd5 12. Be2 Qc7 13. 0-0 b6 14. Rfd1 0-0 15. c4 Nb4 16. c5 Nc2 17. Qe4 Nxa1 18. Qxa8 Qxe5 19. Qxa7 Qxe2 20. Rxa1 b5 21. Nb6 Qxb2 22. Rf1 Qe5 23. Rc1 Qb2 1/2-1/2

[Event "Muensterland Verbandsliga 0809"]
[Site "Germany"]
[Date "2009.04.25"]
[Round "9.6"]
[White "Kemper, Andreas"]
[Black "Tepasse, Wilhelm"]
[Result "1/2-1/2"]
[WhiteElo "1838"]
[BlackElo "1846"]
[PlyCount "51"]
[EventDate "2008.09.20"]
[EventType "tourn"]
[EventRounds "9"]
[EventCountry "GER"]
[SourceTitle "EXT 2010"]
[Source "ChessBase"]
[SourceDate "2010.11.25"]
[SourceVersion "1"]
[SourceVersionDate "2010.11.25"]
[SourceQuality "1"]
[WhiteTeam "Ahaus Wessum"]
[BlackTeam "Bocholt"]
[WhiteTeamCountry "GER"]
[BlackTeamCountry "GER"]

1. e4 c6 2. d4 d5 3. e5 Bf5 4. Bd3 Bxd3 5. Qxd3 Qa5+ 6. Nc3 Qa6 7. Nge2 Qxd3 8. cxd3 e6 9. 0-0 Ne7 10. Be3 Nf5 11. Rac1 Nd7 12. Bf4 Bb4 13. a3 Ba5 14. g4 Nh4 15. f3 h5 16. h3 Bb6 17. Na4 Ng6 18. Nxb6 Nxb6 19. Bd2 hxg4 20. hxg4 Kd7 21. Kg2 Rh7 22. Rh1 Nh4+ 23. Kg3 Rah8 24. b3 Nc8 25. Bg5 Nf5+ 26. Kg2 1/2-1/2

[Event "Muensterland Verbandsliga 0809"]
[Site "Germany"]
[Date "2009.03.21"]
[Round "8.6"]
[White "Stremmer, Hans Dieter"]
[Black "Kemper, Andreas"]
[Result "1/2-1/2"]
[WhiteElo "1858"]
[BlackElo "1838"]
[PlyCount "86"]
[EventDate "2008.09.20"]
[EventType "tourn"]
[EventRounds "9"]
[EventCountry "GER"]
[SourceTitle "EXT 2010"]
[Source "ChessBase"]
[SourceDate "2010.11.25"]
[SourceVersion "1"]
[SourceVersionDate "2010.11.25"]
[SourceQuality "1"]
[WhiteTeam "Muenster SK II"]
[BlackTeam "Ahaus Wessum"]
[WhiteTeamCountry "GER"]
[BlackTeamCountry "GER"]

1. c4 Nf6 2. Nc3 g6 3. g3 Bg7 4. Bg2 Nc6 5. Nf3 d5 6. cxd5 Nxd5 7. 0-0 0-0 8. a3 h6 9. d3 Be6 10. Bd2 Kh7 11. Rc1 Nd4 12. Nxd4 Bxd4 13. e3 Bg7 14. d4 c6 15. Ne4 Qc8 16. Nc5 Bh3 17. Bc3 Bxg2 18. Kxg2 b6 19. Nd3 Qf5 20. Nb4 Nxc3 21. bxc3 Rac8 22. Qf3 Rfd8 23. Qxf5 gxf5 24. Nd3 c5 25. Rfd1 c4 26. Ne1 Rd5 27. Ra1 e6 28. a4 Ra5 29. Rdb1 e5 30. Rb5 exd4 31. exd4 Re8 32. Nc2 Re2 33. Ne3 f4 34. gxf4 Ra6 35. Kf3 Rd2 36. Nxc4 Rd3+ 37. Kg2 Rxc3 38. Ne5 Rc7 39. Ra2 f6 40. Nf3 Rd7 41. d5 Bf8 42. Nd4 Bc5 43. Ne6 Bd6 1/2-1/2

[Event "Muensterland Verbandsliga 0809"]
[Site "Germany"]
[Date "2009.01.31"]
[Round "6.6"]
[White "Sparwel, Oliver"]
[Black "Kemper, Andreas"]
[Result "1-0"]
[WhiteElo "1910"]
[BlackElo "1838"]
[PlyCount "61"]
[EventDate "2008.09.20"]
[EventType "tourn"]
[EventRounds "9"]
[EventCountry "GER"]
[SourceTitle "EXT 2010"]
[Source "ChessBase"]
[SourceDate "2010.11.25"]
[SourceVersion "1"]
[SourceVersionDate "2010.11.25"]
[SourceQuality "1"]
[WhiteTeam "Suedlohn"]
[BlackTeam "Ahaus Wessum"]
[WhiteTeamCountry "GER"]
[BlackTeamCountry "GER"]

1. Nf3 Nf6 2. d3 d5 3. Nbd2 Bg4 4. h3 Bxf3 5. Nxf3 Nbd7 6. g3 e5 7. Bg2 Bd6 8. 0-0 0-0 9. c3 Re8 10. Qc2 c6 11. e4 Qc7 12. Be3 a5 13. a4 c5 14. exd5 Nxd5 15. Nd2 N7f6 16. Nc4 Rad8 17. Rfe1 Re6 18. Bg5 Rde8 19. Qb3 e4 20. Nxd6 Qxd6 21. dxe4 Nxe4 22. Rxe4 Rxe4 23. Bxe4 Rxe4 24. Rd1 h6 25. Rxd5 Re1+ 26. Kh2 Qc6 27. Be3 b6 28. Rd8+ Kh7 29. Qd5 Qf6 30. Rd6 Qe7 31. Rd7 1-0

[Event "Muensterland Verbandsklasse-A 0708"]
[Site "Germany"]
[Date "2007.12.15"]
[Round "4.5"]
[White "Kemper, Andreas"]
[Black "Binger, Friedhelm"]
[Result "1/2-1/2"]
[WhiteElo "1866"]
[BlackElo "1813"]
[PlyCount "44"]
[EventDate "2007.09.22"]
[EventType "team-tourn"]
[EventRounds "9"]
[EventCountry "GER"]
[SourceTitle "EXT 2009"]
[Source "ChessBase"]
[SourceDate "2008.11.26"]
[SourceVersion "1"]
[SourceVersionDate "2008.11.26"]
[SourceQuality "1"]
[WhiteTeam "Ahaus Wessum"]
[BlackTeam "Gronau"]
[WhiteTeamCountry "GER"]
[BlackTeamCountry "GER"]

1. e4 e5 2. Bc4 Nf6 3. d3 Nc6 4. Nc3 Na5 5. Nf3 Nxc4 6. dxc4 d6 7. Qd3 h6 8. h3 Be6 9. Be3 b6 10. 0-0-0 Qc8 11. Nd2 Qb7 12. Nd5 Nxd5 13. exd5 Bd7 14. f4 0-0-0 15. f5 Be7 16. Rdf1 Rdg8 17. Ne4 f6 18. g4 Kb8 19. Ng3 Qc8 20. Rf3 Qa6 21. Kb1 c5 22. Rc1 Kc7 1/2-1/2

[Event "Muensterland Verbandsklasse-B 0607"]
[Site "Germany"]
[Date "2007.01.20"]
[Round "5.3"]
[White "Musholt, Joachim"]
[Black "Kemper, Andreas"]
[Result "1-0"]
[WhiteElo "1755"]
[BlackElo "1915"]
[PlyCount "117"]
[EventDate "2006.09.23"]
[EventType "team-tourn"]
[EventRounds "9"]
[EventCountry "GER"]
[SourceTitle "EXT 2008"]
[Source "ChessBase"]
[SourceDate "2007.11.25"]
[SourceVersion "1"]
[SourceVersionDate "2007.11.25"]
[SourceQuality "1"]
[WhiteTeam "Suedlohn II"]
[BlackTeam "Ahaus Wessum"]
[WhiteTeamCountry "GER"]
[BlackTeamCountry "GER"]

1. e4 c5 2. Nf3 e6 3. d4 cxd4 4. Nxd4 Bc5 5. Nb3 Bb6 6. c4 Ne7 7. Nc3 a6 8. Bf4 0-0 9. Qd2 Nbc6 10. Be2 Bc7 11. Be3 f5 12. f3 f4 13. Bf2 Ng6 14. 0-0-0 b6 15. Kb1 Qf6 16. g4 Rd8 17. h4 Bb7 18. h5 Nge7 19. Bh4 Qf8 20. Qc2 Rac8 21. Rd2 Nb4 22. Qd1 Kh8 23. a3 Nbc6 24. Rxd7 Qe8 25. Rxd8 Rxd8 26. Qc2 Be5 27. Bf2 Nd4 28. Nxd4 Bxd4 29. Bxd4 Rxd4 30. Rd1 Nc6 31. Na4 Qd8 32. c5 b5 33. Nb6 Rxd1+ 34. Qxd1 Qxd1+ 35. Bxd1 Nd4 36. Nd7 Kg8 37. Ne5 Kf8 38. Kc1 Ke7 39. g5 h6 40. gxh6 gxh6 41. Ng4 Nc6 42. Kd2 Bc8 43. e5 Nd4 44. Kd3 Nf5 45. Ke4 Ng3+ 46. Kxf4 Nxh5+ 47. Ke3 Ng3 48. Nxh6 Nf5+ 49. Nxf5+ exf5 50. Kd4 Bb7 51. Bc2 f4 52. Be4 Bc8 53. Bd5 Bf5 54. b4 Kd7 55. c6+ Kc7 56. Kc5 Bd3 57. e6 Bg6 58. e7 Be8 59. Be4 1-0

[Event "Muensterland Verbandsklasse-A 0506"]
[Site "Germany"]
[Date "2006.05.06"]
[Round "9.2"]
[White "Kemper, Andreas"]
[Black "Berger, Alfred Josef"]
[Result "1-0"]
[WhiteElo "1844"]
[BlackElo "1882"]
[PlyCount "99"]
[EventDate "2005.09.03"]
[EventType "team-tourn"]
[EventRounds "9"]
[EventCountry "GER"]
[SourceTitle "EXT 2006"]
[Source "ChessBase"]
[SourceDate "2005.11.24"]
[SourceVersion "1"]
[SourceVersionDate "2005.11.24"]
[SourceQuality "1"]
[WhiteTeam "Ahaus Wessum"]
[BlackTeam "Heiden II"]
[WhiteTeamCountry "GER"]
[BlackTeamCountry "GER"]

1. e4 e6 2. d4 d5 3. e5 c5 4. c3 Nc6 5. Nf3 Bd7 6. Bd3 f6 7. 0-0 Qc7 8. Bf4 0-0-0 9. Na3 a6 10. Nc2 c4 11. Be2 h6 12. Bg3 f5 13. h4 g5 14. hxg5 hxg5 15. Nxg5 Be8 16. Nxe6 Qh7 17. f4 Qg6 18. Nxd8 Qxg3 19. Rf3 Qh2+ 20. Kf2 Nxd8 21. Qg1 Qh4+ 22. Ke3 Ne6 23. Qf2 Qh2 24. g3 Nh6 25. Kd2 Qh3 26. Rg1 Ng4 27. Qg2 Qxg2 28. Rxg2 Rh1 29. Rf1 Rxf1 30. Bxf1 Kd7 31. Ne3 Nxe3 32. Kxe3 Bh5 33. Rh2 Bd1 34. Rh7+ Kc6 35. Rf7 Bc2 36. Bh3 b5 37. g4 Bh6 38. g5 Bf8 39. Bxf5 Bxf5 40. Rxf5 Kd7 41. Rf7+ Be7 42. g6 Ke8 43. f5 Ng5 44. Rh7 b4 45. Rh8+ Kd7 46. f6 bxc3 47. bxc3 Ba3 48. g7 Bc1+ 49. Ke2 Ne4 50. g8Q 1-0

[Event "Muensterland Verbandsklasse-A 0405"]
[Site "Muensterland"]
[Date "2005.04.23"]
[Round "9.5"]
[White "Teupe, Ulrich"]
[Black "Kemper, Andreas"]
[Result "0-1"]
[WhiteElo "1946"]
[BlackElo "1824"]
[PlyCount "86"]
[EventDate "2004.09.11"]
[EventType "team-tourn"]
[EventRounds "9"]
[EventCountry "GER"]
[SourceTitle "EXT 2006"]
[Source "ChessBase"]
[SourceDate "2005.11.24"]
[SourceVersion "1"]
[SourceVersionDate "2005.11.24"]
[SourceQuality "1"]
[WhiteTeam "Nordwalde"]
[BlackTeam "Ahaus Wessum"]
[WhiteTeamCountry "GER"]
[BlackTeamCountry "GER"]

1. d4 Nf6 2. Nf3 g6 3. g3 Bg7 4. Bg2 0-0 5. 0-0 c6 6. Nbd2 d5 7. c3 Nbd7 8. Qc2 Re8 9. e4 e5 10. Nxe5 Nxe5 11. dxe5 Rxe5 12. exd5 Nxd5 13. Nc4 Bf5 14. Qd1 Re8 15. Ne3 Nxe3 16. Bxe3 Qa5 17. Qb3 Rec8 18. Rfd1 Be6 19. Qc2 Qh5 20. Rd2 Bh6 21. Bxh6 Qxh6 22. Rd4 Re8 23. Rad1 Rac8 24. c4 Qf8 25. b3 Qc5 26. Qd2 Bf5 27. g4 Be6 28. h3 a5 29. Qf4 Kg7 30. Be4 b5 31. g5 bxc4 32. bxc4 Qa3 33. Bg2 Bf5 34. Qh4 Qxa2 35. Qh6+ Kg8 36. Rh4 Qb2 37. Qxh7+ Kf8 38. Rdd4 Re1+ 39. Kh2 Qb8+ 40. f4 Ke7 41. Qg7 Re6 42. Rh7 Rf8 43. Bxc6 Rxc6 0-1

[Event "Muensterland Verbandsliga 0304"]
[Site "Germany"]
[Date "2004.04.24"]
[Round "9.6"]
[White "Ebert, Bernd"]
[Black "Kemper, Andreas"]
[Result "0-1"]
[WhiteElo "1947"]
[BlackElo "1768"]
[PlyCount "84"]
[EventDate "2003.09.27"]
[EventType "team-tourn"]
[EventRounds "9"]
[EventCountry "GER"]
[SourceTitle "EXT 2005"]
[Source "ChessBase"]
[SourceDate "2004.11.15"]
[SourceVersion "1"]
[SourceVersionDate "2004.11.15"]
[SourceQuality "1"]
[WhiteTeam "Telgte"]
[BlackTeam "Ahaus Wessum"]
[WhiteTeamCountry "GER"]
[BlackTeamCountry "GER"]

1. d4 Nf6 2. Nf3 g6 3. g3 Bg7 4. Bg2 0-0 5. 0-0 c6 6. b3 d5 7. Bb2 Bf5 8. Nbd2 Na6 9. Nh4 Qd7 10. Nxf5 Qxf5 11. f3 Rac8 12. e4 Qd7 13. e5 Ne8 14. c4 Nec7 15. c5 Nb4 16. Bc3 Nba6 17. a4 b6 18. cxb6 axb6 19. Qe2 c5 20. Rac1 e6 21. f4 Rfd8 22. g4 Nb8 23. dxc5 bxc5 24. Ba5 Bf8 25. Bb6 Qc6 26. Ba5 Qb7 27. Kh1 Nc6 28. Bc3 Na6 29. Rfe1 Nab4 30. Nf3 Qb6 31. f5 d4 32. Bd2 Nd5 33. fxe6 fxe6 34. Ng5 Ncb4 35. Rf1 Be7 36. Nf7 Rf8 37. Nh6+ Kg7 38. g5 Na2 39. a5 Nxc1 40. Rxc1 Qxb3 41. Qg4 Ne3 42. Bxe3 Qxe3 0-1

[Event "Muensterland Verbandsliga 0304"]
[Site "Germany"]
[Date "2004.02.28"]
[Round "7.6"]
[White "Kaufhold, Thomas"]
[Black "Kemper, Andreas"]
[Result "1/2-1/2"]
[WhiteElo "2005"]
[BlackElo "1768"]
[PlyCount "120"]
[EventDate "2003.09.27"]
[EventType "team-tourn"]
[EventRounds "9"]
[EventCountry "GER"]
[SourceTitle "EXT 2005"]
[Source "ChessBase"]
[SourceDate "2004.11.15"]
[SourceVersion "1"]
[SourceVersionDate "2004.11.15"]
[SourceQuality "1"]
[WhiteTeam "Muenster III"]
[BlackTeam "Ahaus Wessum"]
[WhiteTeamCountry "GER"]
[BlackTeamCountry "GER"]

1. d4 Nf6 2. c4 g6 3. Nc3 d5 4. Bf4 Bg7 5. Nf3 0-0 6. Rc1 c6 7. e3 Nbd7 8. cxd5 Nxd5 9. Nxd5 cxd5 10. Bc7 Qe8 11. Qb3 Nb6 12. Bb5 Bd7 13. Bd3 Bc6 14. Ne5 Bxe5 15. Bxe5 Nd7 16. Bf4 Kg7 17. 0-0 f6 18. Rfd1 h5 19. h4 Qf7 20. Be2 g5 21. Bg3 gxh4 22. Bxh4 Rh8 23. e4 Nb6 24. e5 Rag8 25. Qe3 Kh7 26. b3 Nc8 27. Rc3 f5 28. Qf4 Rg4 29. Bxg4 hxg4 30. g3 e6 31. Bf6 Qh5 32. Bxh8 Kxh8 33. Kf1 Qh2 34. Ke1 Ne7 35. Kd2 Ng6 36. Qe3 f4 37. gxf4 Nh4 38. Qg3 Nf3+ 39. Ke3 Qh5 40. Rcc1 Qf5 41. Rh1+ Kg7 42. Qxf3 gxf3 43. Kxf3 Qe4+ 44. Kg3 Qxd4 45. Rh4 Qd3+ 46. Kh2 d4 47. Rg1+ Kf7 48. Rh6 Be4 49. Rf6+ Ke8 50. Rxe6+ Kd7 51. Rd6+ Ke7 52. Rg7+ Kf8 53. Rc7 Bc6 54. Rd8+ Be8 55. Rcc8 Qh7+ 56. Kg2 Qe4+ 57. Kg3 Qd3+ 58. Kg2 Qg6+ 59. Kf3 Qd3+ 60. Kg2 Qe4+ 1/2-1/2

[Event "Muensterland Verbandsliga 0304"]
[Site "Germany"]
[Date "2003.09.27"]
[Round "1.6"]
[White "Kemper, Andreas"]
[Black "Van Dijk, Guido"]
[Result "1-0"]
[WhiteElo "1768"]
[BlackElo "1766"]
[PlyCount "81"]
[EventDate "2003.09.27"]
[EventType "team-tourn"]
[EventRounds "9"]
[EventCountry "GER"]
[SourceTitle "EXT 2005"]
[Source "ChessBase"]
[SourceDate "2004.11.15"]
[SourceVersion "1"]
[SourceVersionDate "2004.11.15"]
[SourceQuality "1"]
[WhiteTeam "Ahaus Wessum"]
[BlackTeam "Rheine Klein Berlin"]
[WhiteTeamCountry "GER"]
[BlackTeamCountry "GER"]

1. e4 c6 2. d4 d5 3. e5 Bf5 4. Nc3 e6 5. Bd3 Bxd3 6. Qxd3 Bb4 7. Bd2 Nd7 8. Qg3 g6 9. h4 Qb6 10. Nge2 Ne7 11. 0-0-0 0-0-0 12. Qf4 Rdf8 13. Rh3 h5 14. Na4 Bxd2+ 15. Qxd2 Qc7 16. Qb4 Nf5 17. Ra3 a5 18. Qb3 b5 19. Nc5 Nxc5 20. dxc5 a4 21. Qb4 Qxe5 22. Nc3 Qb8 23. b3 axb3 24. axb3 Kd7 25. Ra6 Qb7 26. Rb6 Qa8 27. Kb2 Ke7 28. Ra1 Qd8 29. Rxc6 d4 30. Ne4 Re8 31. Nd6 Qd7 32. Nxf5+ gxf5 33. Rd6 Qc7 34. Qxd4 Rd8 35. Rd1 f6 36. Rxd8 Rxd8 37. Qxd8+ Qxd8 38. Rxd8 Kxd8 39. Kc3 Kc7 40. Kb4 Kc6 41. c4 1-0